| 000 | 00475pab a2200169 454500 | ||
|---|---|---|---|
| 008 | 180718b2012 xxu||||| |||| 00| 0 eng d | ||
| 100 | _aSingh, Abha Laxshmi | ||
| 245 | _aIndoor air pollution: Assessing and mapping of vulnerable areas of Aligarh city for planning | ||
| 260 | _c2012 | ||
| 300 | _ap.46-55. | ||
| 650 | _aPollution | ||
| 650 | _aAir pollution | ||
| 700 | _aJamal, Saleha | ||
| 773 | _aIndian Journal of Regional Science | ||
| 908 | _aN | ||
| 909 | _a98597 | ||
| 999 |
_c98596 _d98596 |
||